000 00602nam a2200193 i 4500
001 24179
003 ES-MaACL
007 t|
008 021216s1983 sp ||||1| spa d
100 1 _aAmorós, Andrés.
_921309
245 1 0 _aDiario cultural /
_cAndrés Amoros ; dibujos de Julián Grau Santos.
260 _aMadrid :
_bEspasa-Calpe,
_c1983.
300 _a286 p. :
_bil. ;
_c17 cm.
490 1 _aSelecciones austral ;
_v111
700 0 _aGrau Santos, Julián,
_d1937-
_959759
830 0 _aSelecciones austral ;
_v111
_9176520
852 _aES-MaACL
_jL-7954
_bR.108357
999 _c24179
_d24179